Capitals - Closer to Paris or London? - Statistics

General Stats
  • This quiz has been taken 41 times
  • The average score is 12 of 15
Answer Stats
Question Answer % Correct
Dublin London
100%
Copenhagen London
100%
Reykjavik London
100%
Helsinki London
100%
Madrid Paris
100%
Vienna Paris
100%
Athens Paris
100%
Sofia Paris
100%
Stockholm London
80%
Warsaw Paris
80%
Kiev Paris
80%
Tallinn London
60%
Lisbon Paris
60%
Brussels Paris
60%
Riga London
20%
No matching quizzes found
Score Distribution
Percent of People with Each Score
Percentile by Number Answered
Your Score History
You have not taken this quiz